000 00626nam a2200229Ia 4500
003 OSt
005 20221005132413.0
006 a|||||r|||| 00| 0
007 ta
008 221004b |||||||| |||| 00| 0 hin d
024 _a61651
037 _cTextual
040 _aCRL
_cCRL
_bhin
041 _2hin
_ahin
082 _aO152,1J32,11, 32J4.1
100 _aKandha Pillai Kaungal Neela
_9641075
245 0 _aThulasi dasa ramayanam
260 _c1954
650 _aHINDI LITERATURE
_923866
942 _hO152,1J32,11, 32J4.1
_cTEXL
_2cc
999 _c1063523
_d1063523